Normal view
MARC view
- শেখ মোহাম্মদ আজাদ
Entry Personal Name
001 - CONTROL NUMBER
- control field: 5633
003 - CONTROL NUMBER IDENTIFIER
- control field: OSt
005 - DATE AND TIME OF LATEST TRANSACTION
- control field: 20240102072653.0
008 - FIXED-LENGTH DATA ELEMENTS
- fixed length control field: 240102|| aca||aabn | a|a d
040 ## - CATALOGING SOURCE
- Original cataloging agency: OSt
- Transcribing agency: OSt
100 ## - HEADING--PERSONAL NAME
- Personal name: শেখ মোহাম্মদ আজাদ
670 ## - SOURCE DATA FOUND
- Source citation: Work cat.: (OSt)2262: আজাদ, শেখ মোহাম্মদ 5341, নিউ এডভোকেশীপ গাইড (লিখিত ও মেীখিক), c2006
